[Liquidació pressupost] Liquidación del presupuesto ordinario ejercicio 1980
Descripción Física:
1 v. ; 411 p. ; 21 cm
MARC
| LEADER | 00000nam a2200000Ia 4500 | ||
|---|---|---|---|
| 001 | 17781 | ||
| 008 | 160829s9999 xx 000 0 cat d | ||
| 080 | |a Pressupostos | ||
| 110 | 1 | |a Barcelona (Catalunya : Província). |b Diputació |9 52408 | |
| 245 | |a [Liquidació pressupost] Liquidación del presupuesto ordinario ejercicio 1980 | ||
| 260 | |a [Barcelona] : |b Diputació de Barcelona, Intervenció, [s.a.] 1981 | ||
| 300 | |a 1 v. ; |c 411 p. ; |c 21 cm | ||
| 590 | |a En castellà | ||
| 610 | 1 | 0 | |a Barcelona (Catalunya : Província). |b Diputació |x Assignacions pressupostàries i despeses |9 53789 |
| 650 | |a Finances públiques |x Barcelona (Província) |9 36756 | ||
| 650 | |a Despeses públiques |x Barcelona (Província) |9 38245 | ||
| 710 | 1 | |a Barcelona (Catalunya : Província). |b Servei d'Intervenció |9 55057 | |
| 901 | |a Arxiu | ||
| 942 | |n 1 | ||
| 952 | |0 0 |1 0 |4 0 |6 PRESSUPOSTOS |7 1 |9 47484 |a Arxiu |b Arxiu |d 2016-12-01 |l 0 |o Pressupostos |p 17781 |r 2016-12-01 00:00:00 |w 2016-12-01 |y ARXIU | ||
| 999 | |c 51283 |d 51283 | ||